| 000 | 01720nam0a2200397 4500 | ||
|---|---|---|---|
| 001 | RU\NLR\DIGIT\111406 | ||
| 005 | 20250613214831.0 | ||
| 035 | _arc\1681778 | ||
| 035 | _a(NLR Aleph) 010170598 | ||
| 090 |
_a10130700 _c10130700 |
||
| 100 | _a20111007d1903 |||y0rusy50 ca | ||
| 101 | 0 | _arus | |
| 102 | _aRU | ||
| 105 | _ay z ||||| | ||
| 135 | _acoco 024aaaaa | ||
| 200 | 1 |
_aСвятогор, Вольга и Микула _eПо сборникам Кирши-Данилова, Киреевского, Рыбникова и Гильфердинга _fСост. В. и Л. Р-н |
|
| 210 |
_aМосква _cтип. т-ва И.Д. Сытина _d1903 |
||
| 215 |
_a31 с. _d18 |
||
| 225 | 1 | _aРусские народные былины | |
| 300 | _aЭл.копия создана на основе экземпляра РГБ | ||
| 325 | _aКопия доступна в Электрон. б-ке РНБ http://vivaldi.nlr.ru/bx000005392/view | ||
| 702 | 1 |
_aР-н _bВ. _4220 |
|
| 702 | 1 |
_aР-н _bЛ. _4220 |
|
| 702 | 0 |
_aКирша Данилов _4100 |
|
| 702 | 1 |
_aКиреевский _bП.В. _f1808-1856 _gПетр Васильевич _4100 |
|
| 702 | 1 |
_aРыбников _bП.Н. _f1831-1885 _gПавел Николаевич _4100 |
|
| 702 | 1 |
_aГильфердинг _bА.Ф. _f1831-1872 _gАлександр Федорович _4100 |
|
| 801 | 0 |
_aRU _bNLR _c20070628 _gpsbo |
|
| 801 | 0 |
_aRU _bРГБ _c20070628 _gRCR _2psbo |
|
| 801 | 1 |
_aRU _bProSoft-M _c20070628 _2rusmarc |
|
| 899 | _aРГБ | ||
| 899 | _aРГБ | ||
| 942 | _cBOOK | ||
| 980 | _aNB | ||
| 981 | 3 | 3 |
_a(33) Художественная литература _b(33) Отечественная литература |